<?xml version="1.0" encoding="UTF-8"?>
<record
    xmlns:xsi="http://www.w3.org/2001/XMLSchema-instance"
    xsi:schemaLocation="http://www.loc.gov/MARC21/slim http://www.loc.gov/standards/marcxml/schema/MARC21slim.xsd"
    xmlns="http://www.loc.gov/MARC21/slim">

  <leader>02189cam a22002535a 4500</leader>
  <datafield tag="999" ind1=" " ind2=" ">
    <subfield code="c">27312</subfield>
    <subfield code="d">27283</subfield>
  </datafield>
  <controlfield tag="005">20190404114712.0</controlfield>
  <controlfield tag="008">151210s2018    ii a   frb    001 0 eng d</controlfield>
  <datafield tag="020" ind1=" " ind2=" ">
    <subfield code="a">9788120351110</subfield>
  </datafield>
  <datafield tag="040" ind1=" " ind2=" ">
    <subfield code="a">Uk</subfield>
    <subfield code="b">eng</subfield>
    <subfield code="c">Uk</subfield>
    <subfield code="d">EG-ScBUE</subfield>
    <subfield code="d">EG-ScBUE</subfield>
  </datafield>
  <datafield tag="082" ind1="0" ind2="4">
    <subfield code="a">621.381542</subfield>
    <subfield code="b">SOL</subfield>
    <subfield code="2">22</subfield>
  </datafield>
  <datafield tag="100" ind1="1" ind2=" ">
    <subfield code="a">Solanki, Chetan Singh.</subfield>
  </datafield>
  <datafield tag="245" ind1="1" ind2="0">
    <subfield code="a">Solar photovoltaics :</subfield>
    <subfield code="b">fundamentals, technologies and applications /</subfield>
    <subfield code="c">Chetan Singh Solanki.</subfield>
  </datafield>
  <datafield tag="250" ind1=" " ind2=" ">
    <subfield code="a">9th printing, 3rd ed., Eastern economy ed.</subfield>
  </datafield>
  <datafield tag="260" ind1=" " ind2=" ">
    <subfield code="a">Delhi :</subfield>
    <subfield code="b">PHI learning private limited,</subfield>
    <subfield code="c">2018.</subfield>
  </datafield>
  <datafield tag="300" ind1=" " ind2=" ">
    <subfield code="a">xxxiii, 506 p. :</subfield>
    <subfield code="b">ill. ;</subfield>
    <subfield code="c">24 cm.</subfield>
  </datafield>
  <datafield tag="504" ind1=" " ind2=" ">
    <subfield code="a">Includes bibliographical references and index.</subfield>
  </datafield>
  <datafield tag="520" ind1=" " ind2=" ">
    <subfield code="a">This thoroughly revised text, now in its third edition, continues to provide a detailed discussion on all the aspects of solar photovoltaic (PV) technologies from physics of solar cells to manufacturing technologies, solar PV system design and their applications. The Third Edition includes a new chapter on Advances in C-Si Cell Processes Suitable for Near Future Commercialization (Chapter 8) to introduce the technological advancement in the commercial production to keep the readers up to date. 
Organized in three parts, Part I introduces the fundamental principles of solar cell operation and design, Part II explains various technologies to fabricate solar cells and PV modules and Part III focuses on the use of solar photovoltaic as part of the system for providing electrical energy. In addition to this, numerous chapter-end exercises are given to reinforce the understanding of the subject. 
The text is intended for the undergraduate and postgraduate students of engineering for their courses on solar photovoltaic technologies and renewable energy technologies. The book is of immense use for teachers, researchers and professionals working in the photovoltaic field. In a nutshell, this book is an absolute must-read for all those who want to understand and apply the basics behind photovoltaic devices and systems.</subfield>
  </datafield>
  <datafield tag="650" ind1=" " ind2="7">
    <subfield code="a">Solar energy.</subfield>
    <subfield code="2">BUEsh</subfield>
  </datafield>
  <datafield tag="650" ind1=" " ind2="7">
    <subfield code="a">Photovoltaic cells.</subfield>
    <subfield code="2">BUEsh</subfield>
  </datafield>
  <datafield tag="650" ind1=" " ind2="7">
    <subfield code="a">Photovoltaic power systems.</subfield>
    <subfield code="2">BUEsh</subfield>
  </datafield>
  <datafield tag="651" ind1=" " ind2=" ">
    <subfield code="2">BUEsh</subfield>
  </datafield>
  <datafield tag="653" ind1=" " ind2=" ">
    <subfield code="b">EENERGYY</subfield>
    <subfield code="c">March2019</subfield>
  </datafield>
  <datafield tag="942" ind1=" " ind2=" ">
    <subfield code="2">ddc</subfield>
  </datafield>
  <datafield tag="952" ind1=" " ind2=" ">
    <subfield code="0">0</subfield>
    <subfield code="1">0</subfield>
    <subfield code="2">ddc</subfield>
    <subfield code="4">0</subfield>
    <subfield code="7">0</subfield>
    <subfield code="8">Baccah</subfield>
    <subfield code="a">MAIN</subfield>
    <subfield code="b">MAIN</subfield>
    <subfield code="c">1ST</subfield>
    <subfield code="d">2019-03-26</subfield>
    <subfield code="e">Purchase</subfield>
    <subfield code="g">403.00</subfield>
    <subfield code="h">175</subfield>
    <subfield code="l">0</subfield>
    <subfield code="o">621.381542 SOL</subfield>
    <subfield code="p">000043294</subfield>
    <subfield code="r">2025-07-15 00:00:00</subfield>
    <subfield code="v">503.75</subfield>
    <subfield code="y">BB</subfield>
  </datafield>
</record>
